=LDR 00000nam 2200000 4500 =001 INLIS000000000021669 =005 20130612120515 =008 ***********************************Ind** =035 ##$$0010-061300000021669 =041 ##$$a Ind =082 ##$$a 297.5 =090 ##$$a 297.5, Alm k =100 ##$$a Al-Maqdisi, Ibnu Qudamah =245 ##$$a Kitab tawwabin, kembalinya orang-orang yang salah jalan, Ibnu Qudamah Al-Maqdisi =260 ##$$a 2006 $b Jakarta =300 ##$$a vi, 226 hlm, ilus, 23 cm =650 ##$$a Akhlak =850 ##$$a NBPNMAT